Informe general de la encuesta en zonas marginales del Area Metropolitana de San José - 1977. 2 Anexo estadístico /
محفوظ في:
| المؤلف الرئيسي: | |
|---|---|
| مؤلفون آخرون: | , |
| التنسيق: | نص |
| منشور في: |
San José :
Oiicina de Información. Unidad de Opinión Pública
|
| الموضوعات: | |
| الوسوم: |
إضافة وسم
لا توجد وسوم, كن أول من يضع وسما على هذه التسجيلة!
|
MARC
| LEADER | 00000 a a2200000 04500 | ||
|---|---|---|---|
| 001 | 16447 | ||
| 003 | |||
| 040 | |||
| 090 | |a 1003 G633i | ||
| 100 | |a Gómez Barrantes, Miguel | ||
| 245 | |a Informe general de la encuesta en zonas marginales del Area Metropolitana de San José - 1977. 2 Anexo estadístico / |c Miguel Gómez Barrantes | ||
| 260 | |a San José : |b Oiicina de Información. Unidad de Opinión Pública | ||
| 300 | |a 181 p. | ||
| 650 | |a TUGURIOS | ||
| 650 | |a SAN JOSE, CR | ||
| 700 | |a Bermúdez Méndez, Vera Violeta | ||
| 700 | |a Calvo Camacho, José Antonio | ||
| 999 | |c 13046 |d 13046 | ||
